La defensa de la constitución (Record no. 112911)
[ view plain ]
| 000 -LEADER | |
|---|---|
| fixed length control field | 01065nam a22002777a 4500 |
| 005 - DATE AND TIME OF LATEST TRANSACTION | |
| control field | 20240830101306.0 |
| 008 - FIXED-LENGTH DATA ELEMENTS--GENERAL INFORMATION | |
| fixed length control field | 240509b mx |||||||| |||| 00| 0 spa d |
| 020 ## - INTERNATIONAL STANDARD BOOK NUMBER | |
| International Standard Book Number | 9786077361336 |
| 050 04 - LIBRARY OF CONGRESS CALL NUMBER | |
| Classification number | KGF2698 |
| Item number | S46 2015 |
| 111 2# - MAIN ENTRY--MEETING NAME | |
| Meeting name or jurisdiction name as entry element | Seminario La defensa de la constitución |
| Date of meeting | (agosto 25 y 26, 1995 : |
| Location of meeting | Instituto Tecnológico Auntónomo de México) |
| 245 13 - TITLE STATEMENT | |
| Title | La defensa de la constitución |
| Statement of responsibility, etc | / compiladores José Ramón Cossío, Luis M. Pérez de Acha. |
| 250 ## - EDITION STATEMENT | |
| Edition statement | 5a ed. |
| 260 ## - PUBLICATION, DISTRIBUTION, ETC. (IMPRINT) | |
| Place of publication, distribution, etc | México : |
| Name of publisher, distributor, etc | Fontamara, |
| Date of publication, distribution, etc | 2015. |
| 300 ## - PHYSICAL DESCRIPTION | |
| Extent | 158 p. ; |
| Dimensions | 21 cm. |
| 490 0# - SERIES STATEMENT | |
| Series statement | Doctrina jurídica contemporánea ; |
| Volume number/sequential designation | 1. |
| 504 ## - BIBLIOGRAPHY, ETC. NOTE | |
| Bibliography, etc | Incluye bibliografía |
| 650 #4 - SUBJECT ADDED ENTRY--TOPICAL TERM | |
| Topical term or geographic name as entry element | Revisión judicial |
| Geographic subdivision | México |
| Form subdivision | Congresos |
| 650 #7 - SUBJECT ADDED ENTRY--TOPICAL TERM | |
| Topical term or geographic name as entry element | Derecho constitucional |
| Geographic subdivision | México |
| Form subdivision | Congresos |
| 700 1# - ADDED ENTRY--PERSONAL NAME | |
| Personal name | Cossío, José Ramón, |
| Relator term | compilador |
| -- | autor |
| 700 1# - ADDED ENTRY--PERSONAL NAME | |
| Personal name | Pérez de Acha, Luis M., |
| Relator term | compilador |
| -- | autor |
| 700 1# - ADDED ENTRY--PERSONAL NAME | |
| Personal name | Saldívar, Arturo, |
| Relator term | autor |
| 700 1# - ADDED ENTRY--PERSONAL NAME | |
| Personal name | Silva, Carlos de, |
| Relator term | autor |
| 700 1# - ADDED ENTRY--PERSONAL NAME | |
| Personal name | Reséndiz, Cuauhtémoc, |
| Relator term | autor |
| 700 1# - ADDED ENTRY--PERSONAL NAME | |
| Personal name | Roldán, José, |
| Relator term | autor |
| 942 ## - ADDED ENTRY ELEMENTS (KOHA) | |
| Source of classification or shelving scheme | Biblioteca del Cogreso de los Estados Unidos |
| Koha item type | Libro |
| Estado de pérdida | Fuente de clasificación | Estado del daño | No para préstamo | Ubicación permanente | Ubicación actual | Apartado o colección | Fecha de adquisición | Fuente de adquisición | Edición | Área del conocimiento | Total Checkouts | Clasificación | Código de Barras | Date last seen | Número de copia | Costo por reposición | Tipo de recurso | Nota pública |
|---|---|---|---|---|---|---|---|---|---|---|---|---|---|---|---|---|---|---|
| Biblioteca del Cogreso de los Estados Unidos | Biblioteca de la Unidad de Ciencias Ingeniería y Humanidades | Biblioteca de la Unidad de Ciencias Ingeniería y Humanidades | General | 29/08/2024 | Dirección General de Bibliotecas Generado | 5a ed. | Ciencias Sociales y Administrativas | KGF2698 S46 r2021 | BCU000025114 | 29/08/2024 | 1 | 148.00 | Libro | Seguridad pública y ciencias forenses |